000 00979cam a2200193 a 4500
999 _c7291
_d7291
020 _a9788120725911
020 _a8120725913
050 4 _aPN4781
_b.Sh9
100 1 _aShrivastava, K. M.
245 1 0 _aNews reporting and editing /
_cK.M. Shrivastava.
250 _aRevised edition.
260 _aNew Delhi
_bSterling Publishers Private Limited
_c1991
300 _a327 pages ;
_c23 cm.
500 _aIncludes index.
505 _aPreface 1. The Concept of News 2. Reporter and Sub-editor 3. The News Story 4. News Gathering 5. Press Release 6. Reporting Speeches 7. Press Conference 8. Reporting Parliament 9. Tips to Beat 10. Interview 11. Feature: Human Interest and Depth Reporting 12. Development Reporting 13. News at the Desk 14. Care is the Key 15. Newspaper vs Radio and TV News 16. The Digital Era 17. They Said It 18. Rules of Punctuation Glossary Index
650 0 _aReporters and reporting.
650 0 _aJournalism
_xEditing.
942 _cBK